000 00722nam a2200289Ia 4500
005 20260324112743.0
008 008 260324s9999 xx 000 0 eng d
020 _a9781003464440
037 _aEBOOK
040 _aCRL
040 _beng
040 _cCRL
041 _2eng
041 _aeng
084 _qCRL
100 _aJohn Edmonstone
_91144005
245 4 _aThe Handbook of Action Learning
245 4 _bThe Go-To Source for Individual, Organizational and Social Development
260 _bTaylor and Francis
260 _c2024
365 _a
365 _b220
856 _uhttp://www.taylorfrancis.com/books/9781003464440
942 _cEBOOK
999 _c1733336
_d1733336